[Event "BAN-chT2 Borsho 2nd"]
[Site "Bangladesh"]
[Date "2021.01.20"]
[Round "1.4"]
[White "Mukitul, Islam Ripon"]
[Black "Mohiuddin, Ahmmed"]
[Result "1-0"]
[WhiteElo "1949"]
[BlackElo "1327"]
[PlyCount "109"]
[EventDate "2021.01.20"]
[EventType "team-tourn"]
[EventRounds "9"]
[EventCountry "BAN"]
[SourceTitle "CBM 200 Extra"]
[Source "ChessBase"]
[SourceDate "2021.03.31"]
[SourceVersion "1"]
[SourceVersionDate "2021.03.31"]
[SourceQuality "1"]
[WhiteTeam "Legend Faraz Ayaiz"]
[BlackTeam "Masud Sports"]
[WhiteTeamCountry "BAN"]
[BlackTeamCountry "BAN"]

1. e4 d6 2. d4 b6 3. Nf3 h6 4. Bd3 a6 5. c4 Bb7 6. Nc3 Nd7 7. Be3 e6 8. a3 g6 9. Qc2 Ne7 10. b4 Bg7 11. 0-0 0-0 12. d5 e5 13. Rab1 Nf6 14. c5 b5 15. c6 Bc8 16. h3 Kh7 17. a4 bxa4 18. Qxa4 Nh5 19. b5 f5 20. b6 f4 21. b7 Bxh3 22. bxa8Q Qxa8 23. gxh3 fxe3 24. fxe3 Qc8 25. Kh2 g5 26. Bxa6 Qe8 27. Qc2 Nf6 28. Qg2 Qh5 29. Be2 Qg6 30. Nd2 h5 31. Nf3 g4 32. Nh4 Qg5 33. Qg3 Bh6 34. Nf5 Nxf5 35. Rxf5 Qxe3 36. Qxe3 Bxe3 37. hxg4 hxg4 38. Kg2 Kg7 39. Bd3 Bd4 40. Ne2 Bb6 41. Ng3 Rh8 42. Rbf1 Rh6 43. Rg5+ Kf7 44. Nh5 Ke7 45. Nxf6 Rxf6 46. Rxf6 Kxf6 47. Rxg4 Be3 48. Kf3 Bf4 49. Rxf4+ exf4 50. Kxf4 Ke7 51. Kf5 Kf7 52. Bc4 Ke7 53. Kg6 Kd8 54. Kf7 Kc8 55. Ke7 1-0